Wszystkie ulice w Zagórzu - Statystyki

Ogólne statystyki
  • Ten quiz został rozwiązany 3 razy
  • Średni wynik to 11 z 101
Statystyki odpowiedzi
Ulice % Poprawnych
3 Bieszczadzka
67%
37 Leśna
67%
45 Mickiewicza
67%
53 Nowa
67%
58 Piłsudskiego
67%
2 Asnyka
33%
1 3 Maja
33%
13 Dworcowa
33%
24 Klasztorna
33%
30 Kopernika
33%
32 Krótka
33%
36 Kwiatowa
33%
50 Mostowa
33%
54 Ogrodowa
33%
55 Orkana
33%
56 Orzeszkowej
33%
60 Pocztowa
33%
63 Polna
33%
68 Rzeczna
33%
72 Skargi
33%
77 Słowackiego
33%
82 Szkolna
33%
88 Wesoła
33%
91 Wiejska
33%
93 Wolności
33%
96 Zamkowa
33%
99 Zielona
33%
4 Błonie
0%
5 Brzegowa
0%
6 Chopina
0%
7 Curie
0%
8 Czecha
0%
9 Daleka
0%
10 Dojazdowa
0%
11 Dolna
0%
12 Drobiazg
0%
14 Dworska
0%
15 Dzika
0%
16 Fabryczna
0%
17 Filtrowa
0%
18 Graniczna
0%
19 Gronowa
0%
20 Gubrynowicza
0%
21 Kaczkowskiego
0%
22 Kapryśna
0%
23 Kasarnia
0%
25 Kolberga
0%
26 Kolejowa
0%
27 Konarskiego
0%
28 Końcowa
0%
29 Kopalniana
0%
31 Kręta
0%
33 Krucza
0%
34 Księdza Winnickiego
0%
35 Kusocińskiego
0%
41 Łąkowa
0%
40 Łamana
0%
38 Letnia
0%
42 Łowiecka
0%
43 Łozowa
0%
39 Ludowa
0%
44 Miarki
0%
46 Miodowa
0%
47 Młynarska
0%
48 Modrzewiowa
0%
49 Mokra
0%
51 Niecała
0%
52 Nieduża
0%
57 Piesza
0%
59 Plac Obrońców Węzła Zagórskiego
0%
61 Podjazd
0%
62 Pola
0%
64 Południowa
0%
65 Pospolita
0%
66 Promenada
0%
67 Romantyczna
0%
69 Rzemieślnicza
0%
70 Sanowa
0%
71 Skalna
0%
73 Składowa
0%
74 Skłodowskiej
0%
75 Skromna
0%
76 Słoneczna
0%
78 Słowicza
0%
79 Sporna
0%
80 Stefana Batorego
0%
83 Świerkowa
0%
81 Szeroka
0%
84 Targowa
0%
85 Ukośna
0%
86 Ukryta
0%
87 Urocza
0%
89 Wichrowa
0%
90 Widokowa
0%
92 Wodna
0%
94 Wspólna
0%
95 Zahariasiewicza
0%
97 Zaułek
0%
98 Zielna
0%
100 Złota
0%
101 Żółkiewskiego
0%
Nie znaleziono quizów pasujących do podanych kryteriów
Rozkład punktacji
Procent ludzi z każdym wynikiem
Percentyl według liczby udzielonych odpowiedzi
Twoja historia wyników
Nie rozwiązałeś tego quizu